00629nam a2200145 a 450000500170000000800410001702000150005805000220007324500660009526000330016152001180019465000400031299900190035295201120037120140414132058.0110725s19uu xx 00 eng d a0753451948 aREF 909bK58 1999 aThe kingfisher history encyclopedia Vol.4 :bThe middle ages. aLondon :bKingfisher,c1999. a A reference guide to world history, featuring a timeline, key date boxes, and biographies of historical figures. aWorld historyxJuvenile literature. c114381d114381 001040aMUbMUcREFd2011-07-25eDonationl0oREF 909 K58 1999pM6191r2014-04-14 00:00:00w2014-04-14yBK